Phân tích hành vi tiêu dùng gạo "thân thiện môi trường" được sản xuất xung quanh vườn cò Bằng Lăng - thành phố Cần Thơ : Luận văn tốt nghiệp thạc sĩ ngành: Kinh tế Nông nghiệp
Nội dung luận văn giới thiệu cơ sở lý luận và phương pháp nghiên cứu. Tổng quan địa bàn nghiên cứu Đồng Bằng Sông Cửu Long và hiện trạng vườn cò Bằng Lăng. Đánh giá nhận thức - thái độ của đáp viên và định giá giá trị các thuộc tính...
Đã lưu trong:
| 主要作者: | |
|---|---|
| 格式: | 圖書 |
| 語言: | Undetermined |
| 出版: |
Cần Thơ
Trường Đại học Cần Thơ
2018
|
| 主題: | |
| 標簽: |
添加標簽
沒有標簽, 成為第一個標記此記錄!
|
| Thư viện lưu trữ: | Trung tâm Học liệu Trường Đại học Cần Thơ |
|---|
| LEADER | 01465nam a2200241Ia 4500 | ||
|---|---|---|---|
| 001 | CTU_228139 | ||
| 008 | 210402s9999 xx 000 0 und d | ||
| 082 | |a 658.8342 | ||
| 082 | |b T120 | ||
| 088 | |a 8620115 | ||
| 100 | |a Lê, Phạm Minh Tâm | ||
| 245 | 0 | |a Phân tích hành vi tiêu dùng gạo "thân thiện môi trường" được sản xuất xung quanh vườn cò Bằng Lăng - thành phố Cần Thơ : | |
| 245 | 0 | |b Luận văn tốt nghiệp thạc sĩ ngành: Kinh tế Nông nghiệp | |
| 245 | 0 | |c Lê Phạm Minh Tâm ; Huỳnh Việt Khải (cán bộ hướng dẫn) | |
| 260 | |a Cần Thơ | ||
| 260 | |b Trường Đại học Cần Thơ | ||
| 260 | |c 2018 | ||
| 520 | |a Nội dung luận văn giới thiệu cơ sở lý luận và phương pháp nghiên cứu. Tổng quan địa bàn nghiên cứu Đồng Bằng Sông Cửu Long và hiện trạng vườn cò Bằng Lăng. Đánh giá nhận thức - thái độ của đáp viên và định giá giá trị các thuộc tính của sản phẩm "gạo thân thiện" Kết luận và kiến nghị. | ||
| 650 | |a Hành vi người tiêu dùng,Consumer behavior | ||
| 650 | |x Trường hợp nghiên cứu | ||
| 650 | |z Việt Nam,Vietnam | ||
| 910 | |b dqhieu | ||
| 980 | |a Trung tâm Học liệu Trường Đại học Cần Thơ | ||